000 00990nam a2200277Ia 4500
003 OSt
005 20220923211400.0
006 a|||||r|||| 00| 0
007 ta
008 220922b |||||||| |||| 00| 0 hin d
020 _a9788189242067 (hbk)
_c340
024 _a285,482
037 _b31, 14/03/2015, P. K. Books
_cTextual
040 _aARTS
_cARTS
_bhin
041 _2hin
_ahin
082 _aR65,6, 152Q4.2
100 _aतिलक, लोकमान्य बाल गंगाधर
_9160343
245 0 _aगीतारहस्य भाग 2
246 _aGītārahasya . Bhāg 2
260 _aदिल्ली
_b अर्चना पब्लिकेशन
_c2014
300 _a240पृ.
_ccm.
490 _vभाग 2
650 _aभारतीय दर्शन
942 _hR65,6, 152Q4.2
_cTEXL
_2CC
999 _c298963
_d298963